MDQL
is popping MORE tags! Check the
thread
!
Quizzes
Events
Quiz Creation
Community
Videos
Private Events
Remove Ads
Sign In
Join for FREE
Feedback
Dark Mode
Quiz Categories
Sports
Geography
Music
Movies
Television
Just For Fun
Miscellaneous
History
Literature
Language
Science
Gaming
Entertainment
Religion
Holiday
For Kids
Quiz Lab
Recent
Popular Today
Quiz Kudos Today
Editor Picks
Curator Picks
Quizzes by...
Day
Popularity
Type
Ratings
Length
Year
Community
Subscriptions
Recent Discussions
Orange Saloon
Badges
Playlists
Quests
Create
Leaderboards
Showdown
Live 5
Trivia Bingo
Activity
Puzzle Library
Sporcle Events
Private Events
Virtual Trivia
Globe League
Become a Host
Pub Owners
SporcleCon
Opinionation
Our Games
Videos
Blog
Mobile Apps
Partnerships
Remove Ads and Go Orange
Feedback
Sports
Athletes
MLB
NBA
NHL
NFL
Soccer
Sports Teams
WWE
NCAA
Football
Premier League
Basketball
Baseball
Hockey
Golf
Tennis
Cricket
Rugby
Auto Racing
Olympics
World Cup
Sports
Athletes
MLB
NBA
NHL
NFL
Soccer
Sports Teams
WWE
NCAA
Football
Premier League
Basketball
Baseball
Hockey
Golf
Tennis
Cricket
Rugby
Auto Racing
Olympics
World Cup
Random Quiz
Search Sporcle
×
Quiz Lab
Quiz Lab
Sports
Entry
Type in answers that appear in a list
Type in answers that appear in a list
Classic
Best Score? Go Orange.
Sports team who's nickname doesn't have Stats
Can you name the sports team who's nickname doesn't have an entry in the dictionary?
By
wert
3m
13 Questions
211 Plays
211 Plays
211 Plays
Comments
Comments
Give Quiz Kudos
Give Quiz Kudos
-
- Ratings
hide this ad
More Info
Replay
Link that replays current quiz
Next Quiz
Link to next quiz in quiz playlist
You Got
0%
They Got
Avg Score
45%
Avg Friend Score
Upgrade to see
Score Distribution
Jump to the score distribution portion of the page
Score
0/13
Timer
03:00
0
Plays Today
Sport
Team
% Correct
MLB
Boston Red Sox
69.7%
MLB
Chicago White Sox
68.7%
NFL
San Francisco 49ers
65.9%
NBA
Philadelphia 76ers
52.6%
MLB
New York Mets
46%
NHL
Columbus Blue Jackets
45%
NFL
Pittsburgh Steelers
44.1%
NBA
New York Knicks
41.7%
NFL
Seattle Seahawks
40.8%
MLB
Philadelphia Phillies
36.5%
NHL
Toronto Maple Leafs
30.3%
NHL
Detroit Red Wings
16.6%
NHL
Chicago Blackhawks
10.4%
Quiz Playlist
Details
Report
Send in Message
Add To Playlist
More Info:
Big 4 sports teams only. Also, some teams are accepted in the dictionary as a singular word, but not as plural, so they are on this quiz.
Classic:
Type in answers that appear in a list
Last Updated: Feb 16, 2017
Quiz Scoreboard
CHALLENGE
Sign Up to Join the Scoreboard
Show All
Scores
Hide
Comments
May contain spoilers
Recently Published
Image Sorting: Flags VI
by Barbecue
Geography
2m
Find the 'City' Movie
by crazypaving
Movies
60s
Colored Red Africa Blitz
by spor1
Geography
45s
More to Explore
Quiz From the Vault
Featured Blog Post
14 Easter Pick-up Lines to Find Eggs With
hide this ad
You Might Also Like...
Tags
Dictionary
doesnt
Entry
nickname
team
Today's Top Quizzes in Sports
Browse Sports
hide this ad
Today's Top Quizzes in Entry
Browse Entry
Top Contributed Quizzes in Sports
1
Les meilleurs buteurs des matchs entre le PSG et l’OM
2
Les entraîneurs de l'OM et du PSG au 21e siècle
3
Les joueurs passés par le PSG et l'OM
4
2022 World Cup Stars
5
Players with Multiple 50 Home Run Seasons
6
Criteria MLB: Left Handed Sluggers
7
Les joueurs passés par le LOSC et le RC Lens
8
NBA Logic Puzzle 2.0
9
MLB Players with Two .350 Batting Average Seasons
10
FIFA Club World Cup Champions
Explore More
Trending Topics
Disney
NBA
Harry Potter
Anime
Marvel
Kpop
Crossword
Soccer
NFL
Country
WWE
Pokémon
Puzzle
Song
The Office
hide this ad
More By:
wert
Quiz
Plays
Rating
Category
Featured
Created
Ten Years of Big 4 Champions
245,369
3.77
Sports
Jul 11, 2012
'Stan Country Spelling Bee
147,208
3.73
Geography
Aug 14, 2012
Valuable Franchises by Sport (MINEFIELD)
36,215
3.30
Sports
Jul 8, 2011
Capital of each US State *Clickable Minefield*
3,905
4.25
Geography
Jul 8, 2012
Country that...
2,597
2.83
Geography
Oct 4, 2010
Go to Creator's Profile
Score Distribution
Quiz Creator Spotlight
wert
Follow
Send a Message
Quizzes Created
-
Created Quiz Play Count
-
More By This Creator
Popular Quizzes Today
1
Colored Red Africa Blitz
2
Find the US States - No Outlines Minefield
3
Find the 'City' Movie
4
5x2 Blitz: Bands
5
The Countries of the World
6
Find the US States
7
Find the Countries of Europe - No Outlines Minefield
8
US States
More Sports Quizzes
FIFA FIFPro World XI Players by Country
Quiz Lab
Trending Quizzes
Colored Red Europe Blitz I
Colored Red Europe Blitz II
Colored Red Africa Blitz II
Colored Red Europe Blitz III
Colored Red Africa Blitz III
Recently Updated
How Do You Spell That?
pecheneg
Godzilla Movies
pecheneg
Grab Bag: 4-10 Letters
pecheneg
2024 March Madness Bracket
pecheneg
Famous TV Couples
Peacemaker
Champions League XIs: Real Madrid
pecheneg
Largest US Cities 1790-2010
pecheneg
Rides in Walt Disney World
pecheneg
Most Oscar Losses (Acting)
pecheneg
Beyoncé Albums
pecheneg
Trending Topics
Disney
NBA
Harry Potter
Crossword
Kpop
Anime
Marvel
Song
Country
NFL
Soccer
Pokémon
WWE
Puzzle
The Office
Your Account Isn't Verified!
In order to create a playlist on Sporcle, you need to verify the email address you used during registration. Go to your
Sporcle Settings
to finish the process.
Report this User
Report this user for behavior that violates our
Community Guidelines
.
Details:
Send Report
Go to the Sporcle.com Mobile Site →
Comments